NCAA Basketball Team Names - Statistics

General Stats
  • This quiz has been taken 77 times
  • The average score is 188 of 366
Answer Stats
Conference College Answer % Correct
Atlantic Sun Central Arkansas Bears
91%
Big 12 Baylor Bears
91%
Big Sky Northern Colorado Bears
91%
Conference USA Missouri State Bears
91%
Ivy League Brown Bears
91%
MEAC Morgan State Bears
91%
Southern Mercer Bears
91%
ACC Clemson Tigers
91%
American Memphis Tigers
91%
CAA Towson Tigers
91%
Ivy League Princeton Tigers
91%
Ohio Valley Tennessee State Tigers
91%
SEC Auburn Tigers
91%
SEC LSU Tigers
91%
SEC Missouri Tigers
91%
SWAC Grambling State Tigers
91%
SWAC Jackson State Tigers
91%
SWAC Texas Southern Tigers
91%
West Coast Pacific Tigers
91%
Big Ten Ohio State Buckeyes
83%
America East Bryant Bulldogs
83%
Big East Butler Bulldogs
83%
Big South UNC Asheville Bulldogs
83%
Conference USA Louisiana Tech Bulldogs
83%
Ivy League Yale Bulldogs
83%
MEAC SC State Bulldogs
83%
Missouri Valley Drake Bulldogs
83%
Mountain West Fresno State Bulldogs
83%
SEC Georgia Bulldogs
83%
SEC Mississippi State Bulldogs
83%
Southern Citadel Bulldogs
83%
Southern Samford Bulldogs
83%
SWAC Alabama A&M Bulldogs
83%
West Coast Gonzaga Bulldogs
83%
ACC Stanford Cardinal
83%
SEC Florida Gators
83%
ACC Miami Hurricanes
83%
SEC Texas Longhorns
83%
ACC Syracuse Orange
83%
ACC North Carolina Tar Heels
83%
ACC Duke Blue Devils
78%
NEC Central Connecticut Blue Devils
78%
Big Ten Purdue Boilermakers
78%
Big Ten Nebraska Cornhuskers
78%
Big 12 BYU Cougars
78%
Big 12 Houston Cougars
78%
CAA Charleston Cougars
78%
NEC Chicago State Cougars
78%
Ohio Valley SIU Edwardsville Cougars
78%
West Coast Washington State Cougars
78%
Big 12 Oklahoma State Cowboys
78%
Mountain West Wyoming Cowboys
78%
Southland McNeese State Cowboys
78%
ACC Boston College Eagles
78%
Atlantic Sun Florida Gulf Coast Eagles
78%
Big Sky Eastern Washington Eagles
78%
Big South Winthrop Eagles
78%
MAC Eastern Michigan Eagles
78%
MEAC Coppin State Eagles
78%
MEAC North Carolina Central Eagles
78%
Ohio Valley Morehead State Eagles
78%
Patriot League American Eagles
78%
Sun Belt Georgia Southern Eagles
78%
ACC Notre Dame Fighting Irish
78%
Big Ten Indiana Hoosiers
78%
Atlantic Sun North Alabama Lions
78%
Ivy League Columbia Lions
78%
Ohio Valley Lindenwood Lions
78%
Southland East Texas A&M Lions
78%
Southland SE Louisiana Lions
78%
West Coast Loyola Marymount Lions
78%
Atlantic 10 Fordham Rams
78%
Atlantic 10 Rhode Island Rams
78%
Atlantic 10 VCU Rams
78%
Mountain West Colorado State Rams
78%
Big South SC Upstate Spartans
78%
Big Ten Michigan State Spartans
78%
MEAC Norfolk State Spartans
78%
Mountain West San Jose State Spartans
78%
Southern UNC Greensboro Spartans
78%
Big Ten USC Trojans
78%
Ohio Valley Little Rock Trojans
78%
Sun Belt Troy Trojans
78%
SEC Tennessee Volunteers
78%
Big Ten Michigan Wolverines
78%
WAC Utah Valley Wolverines
78%
Big Ten Wisconsin Badgers
74%
Big Ten UCLA Bruins
74%
Missouri Valley Belmont Bruins
74%
ACC Louisville Cardinals
74%
MAC Ball State Cardinals
74%
Southland Incarnate Wood Cardinals
74%
Southland Lamar Cardinals
74%
ACC Virginia Cavaliers
74%
SEC Alabama Crimson Tide
74%
Big Ten Oregon Ducks
74%
Atlantic 10 Dayton Flyers
74%
Conference USA Jacksonville State Gamecocks
74%
SEC South Carolina Gamecocks
74%
ACC California Golden Bears
74%
Atlantic 10 St. Joseph's Hawks
74%
CAA Monmouth Hawks
74%
MEAC Maryland Eastern Shore Hawks
74%
Big East Connecticut Huskies
74%
Big Ten Washington Huskies
74%
CAA Northeastern Huskies
74%
MAC Northern Illinois Huskies
74%
Southland Houston Christian Huskies
74%
American Florida Atlantic Owls
74%
American Rice Owls
74%
American Temple Owls
74%
Conference USA Kennesaw State Owls
74%
ACC Pittsburgh Panthers
74%
Big South High Point Panthers
74%
Conference USA FIU Panthers
74%
Horizon League Milwaukee Panthers
74%
Missouri Valley Northern Iowa Panthers
74%
Ohio Valley Eastern Illinois Panthers
74%
Sun Belt Georgia State Panthers
74%
SWAC Prairie View A&M Panthers
74%
SEC Arkansas Razorbacks
74%
ACC Florida State Seminoles
74%
SEC Oklahoma Sooners
74%
Atlantic 10 Davidson Wildcats
74%
America East New Hampshire Wildcats
74%
Big 12 Arizona Wildcats
74%
Big 12 Kansas State Wildcats
74%
Big East Villanova Wildcats
74%
Big Sky Weber State Wildcats
74%
Big Ten Northwestern Wildcats
74%
SEC Kentucky Wildcats
74%
SWAC Bethune-Cookman Wildcats
74%
WAC Abilene Christian Wildcats
74%
ACC NC State Wolfpack
74%
Mountain West Nevada Wolfpack
74%
Big West UC Davis Aggies
70%
CAA North Carolina A&T Aggies
70%
Conference USA New Mexico State Aggies
70%
Mountain West Utah State Aggies
70%
SEC Texas A&M Aggies
70%
America East Binghamton Bearcats
70%
Big 12 Cincinnati Bearcats
70%
Conference USA Sam Houston State Bearkats
70%
Big 12 Colorado Buffaloes
70%
Ivy League Harvard Crimson
70%
MAC Bowling Green Falcons
70%
Mountain West Air Force Falcons
70%
Big Ten Minnesota Golden Gophers
70%
Big Ten Iowa Hawkeyes
70%
ACC Virginia Tech Hokies
70%
Big 12 Kansas Jayhawks
70%
Big 12 West Virginia Mountaineers
70%
MAAC Mount St. Mary's Mountaineers
70%
Sun Belt Appalachian State Mountaineers
70%
ACC SMU Mustangs
70%
Big West Cal Poly Mustangs
70%
Big Ten Penn State Nittany Lions
70%
American East Carolina Pirates
70%
Big East Seton Hall Pirates
70%
CAA Hampton Pirates
70%
Big Ten Maryland Terrapins
70%
ACC Georgia Tech Yellow Jackets
70%
SEC Vanderbilt Commodores
65%
Big 12 Iowa State Cyclones
65%
ACC Wake Forest Demon Deacons
65%
Atlantic Sun Bellarmine Knights
65%
Big 12 UCF Knights
65%
NEC Fairleigh Dickinson Knights
65%
Big 12 Arizona State Sun Devils
65%
Big Sky Montana State Bobcats
61%
MAAC Quinnipiac Bobcats
61%
MAC Ohio Bobcats
61%
Sun Belt Texas State Bobcats
61%
MAC Western Michigan Broncos
61%
Mountain West Boise State Broncos
61%
West Coast Santa Clara Broncos
61%
Big Ten Illinois Fighting Illini
61%
Big 12 TCU Horned Frogs
61%
SEC Ole Miss Rebels
61%
Big 12 Texas Tech Red Raiders
61%
West Coast Oregon State Beavers
57%
Big East Creighton Bluejays
57%
American USF Bulls
57%
MAC Buffalo Bulls
57%
Horizon League Wright State Raiders
57%
Patriot League Colgate Raiders
57%
Big Ten Rutgers Scarlet Knights
57%
Big 12 Utah Utes
57%
Mountain West San Diego State Aztecs
52%
MEAC Howard Bison
52%
Patriot League Bucknell Bison
52%
The Summit North Dakota State Bison
52%
Big East Marquette Golden Eagles
52%
Ohio Valley Tennessee Tech Golden Eagles
52%
The Summit Oral Roberts Golden Eagles
52%
Sun Belt Southern Mississippi Golden Eagles
52%
American Tulane Green Wave
52%
Big Sky Montana Grizzlies
52%
MAC Massachusetts Minutemen
52%
Big West Hawai'i Rainbow Warriors
52%
MAC Toledo Rockets
52%
Atlantic 10 Richmond Spiders
52%
MAC Akron Zips
52%
American Charlotte 49ers
48%
Atlantic Sun Jacksonville Dolphins
48%
NEC Le Moyne Dolphins
48%
Conference USA Liberty Flames
48%
Missouri Valley UI Chicago Flames
48%
American Tulsa Golden Hurricane
48%
Mountain West New Mexico Lobos
48%
American UTSA Roadrunners
48%
Big West CSU Bakersfield Roadrunners
48%
NEC Long Island Sharks
48%
American UAB Blazers
43%
Conference USA Delaware Fightin' Blue Hens
43%
Big East Georgetown Hoyas
43%
Horizon League IU Indianapolis Jaguars
43%
Sun Belt South Alabama Jaguars
43%
SWAC Southern Jaguars
43%
American North Texas Mean Green
43%
Patriot League Navy Midshipmen
43%
Conference USA UTEP Miners
43%
Mountain West UNLV Runnin' Rebels
43%
MAAC Siena Saints
43%
Patriot League Army Black Knights
39%
Atlantic 10 St. Bonaventure Bonnies
39%
Atlantic 10 Duquesne Dukes
39%
Sun Belt James Madison Dukes
39%
Big East Providence Friars
39%
Big Sky Sacramento State Hornets
39%
MEAC Delaware State Hornets
39%
SWAC Alabama State Hornets
39%
Atlantic 10 George Mason Patriots
39%
MAC Miami (OH) Redhawks
39%
Ohio Valley SE Missouri State Redhawks
39%
West Coast Seattle Redhawks
39%
Big East St. John's Red Storm
39%
CAA UNC Wilmington Seahawks
39%
NEC Wagner Seahawks
39%
American Wichita State Shockers
39%
Sun Belt Marshall Thundering Herd
39%
Big Sky Idaho Vandals
39%
America East Vermont Catamounts
35%
Southern Western Carolina Catamounts
35%
The Summit North Dakota Fighting Hawks
35%
Conference USA Western Kentucky Hilltoppers
35%
The Summit South Dakota State Jackrabbits
35%
Big Sky Idaho State Bengals
30%
Ivy League Cornell Big Red
30%
MAC Central Michigan Chippewas
30%
CAA Campbell Fighting Camels
30%
MAC Kent State Golden Flashes
30%
Southland TAMU Corpus Christi Islanders
30%
Sun Belt Old Dominion Monarchs
30%
Horizon League Youngstown State Penguins
30%
Patriot League Boston University Terriers
30%
Southern Wofford Terriers
30%
Big West CSU Fullerton Titans
30%
Horizon League Detroit Mercy Titans
30%
Big Sky Portland State Vikings
30%
Horizon League Cleveland State Vikings
30%
Sun Belt LA Monroe Warhawks
30%
Atlantic Sun West Georgia Wolves
30%
Atlantic 10 St. Louis Billikens
26%
America East Maine Black Bears
26%
Big South Charleston Southern Buccaneers
26%
Southern East Tennessee State Buccaneers
26%
Sun Belt Coastal Carolina Chanticleers
26%
NEC New Haven Chargers
26%
Patriot League Holy Cross Crusaders
26%
The Summit Omaha Mavericks
26%
WAC Texas Arlington Mavericks
26%
Ivy League UPenn Quakers
26%
Missouri Valley Murray State Racers
26%
Sun Belt LA Lafayette Ragin' Cajuns
26%
Sun Belt Arkansas State Red Wolves
26%
MAAC Merrimack Warriors
26%
Conference USA Middle Tennessee State Blue Raiders
22%
Missouri Valley Bradley Braves
22%
SWAC Alcorn State Braves
22%
CAA Drexel Dragons
22%
MAAC Iona Gaels
22%
West Coast Saint Mary's Gaels
22%
Big West UC Santa Barbara Gauchos
22%
Patriot League Loyola Maryland Greyhounds
22%
Big Sky Northern Arizona Lumberjacks
22%
Southland Stephen F. Austin Lumberjacks
22%
Big East Xavier Musketeers
22%
MAAC Sacred Heart Pioneers
22%
The Summit Denver Pioneers
22%
Atlantic 10 Loyola Chicago Ramblers
22%
America East UMBC Retrievers
22%
The Summit Kansas City Roos
22%
Missouri Valley Southern Illinois Salukis
22%
Missouri Valley Indiana State Sycamores
22%
West Coast Pepperdine Waves
22%
Atlantic Sun Lipscomb Bisons
17%
Big East Depaul Blue Demons
17%
Atlantic Sun Eastern Kentucky Colonels
17%
Southland Nicholls State Colonels
17%
The Summit South Dakota Coyotes
17%
Southland Northwestern State Demons
17%
Atlantic 10 La Salle Explorers
17%
Horizon League Oakland Golden Grizzlies
17%
MAAC Manhattan Jaspers
17%
NEC Mercyhurst Lakers
17%
Ohio Valley Western Illinois Leathernecks
17%
Patriot League Lafayette Leopards
17%
Horizon League Northern Kentucky Norse
17%
Missouri Valley Evansville Purple Aces
17%
SWAC Florida A&M Rattlers
17%
Missouri Valley Illinois State Redbirds
17%
Big West UC Irvine Anteaters
13%
Ivy League Dartmouth Big Green
13%
Big South Presbyterian Blue Hose
13%
West Coast San Francisco Dons
13%
MAAC Canisus Golden Griffins
13%
Atlantic Sun Stetson Hatters
13%
Big South Longwood Lancers
13%
WAC California Baptist Lancers
13%
Southern Chattanooga Mocs
13%
Southern Furman Paladins
13%
CAA Elon Phoenix
13%
Horizon League Green Bay Phoenix
13%
West Coast Portland Pilots
13%
Southland New Orleans Privateers
13%
NEC St. Francis Red Flash
13%
WAC Tarleton State Texans
13%
The Summit St. Thomas Tommies
13%
Mountain West Grand Canyon Antelopes
9%
MAAC Rider Broncs
9%
Horizon League Robert Morris Colonials
9%
SWAC Mississippi Valley Delta Devils
9%
SWAC Arkansas Pine Bluff Golden Lions
9%
Atlantic Sun Austin Peay Governors
9%
America East Albany Great Danes
9%
America East NJIT Highlanders
9%
Big South Radford Highlanders
9%
Big West UC Riverside Highlanders
9%
Southern VMI Keydets
9%
Patriot League Lehigh Mountain Hawks
9%
MAAC St. Peter's Peacocks
9%
CAA Hofstra Pride
9%
MAAC Niagara Purple Eagles
9%
MAAC Marist Red Foxes
9%
Atlantic 10 George Washington Revolutionaries
9%
America East UMass - Lowell River Hawks
9%
Atlantic Sun Queens Royals
9%
Big South Gardner-Webb Runnin' Bulldogs
9%
CAA Stony Brook Seawolves
9%
NEC Stonehill Skyhawks
9%
Ohio Valley UT Martin Skyhawks
9%
MAAC Fairfield Stags
9%
Big West Long Beach The Beach
9%
WAC Southern Utah Thunderbirds
9%
West Coast San Diego Toreros
9%
WAC Utah Tech Trailblazers
9%
CAA William & Mary Tribe
9%
Missouri Valley Valparaiso Beacons
4%
Horizon League Purdue Fort Wayne Mastadons
4%
Big West CSU Northridge Matadors
4%
Atlantic Sun North Florida Ospreys
4%
Ohio Valley Southern Indiana Screaming Eagles
4%
Big West UC San Diego Tritons
4%
Southland TX Rio Grande Valley Vaqueros
4%
Atlantic Sun West Florida Argonauts
0%
No matching quizzes found
Score Distribution
Percent of People with Each Score
Percentile by Number Answered
Your Score History
You have not taken this quiz